000 00279nam a22001337a 4500
008 170731b xxu||||| |||| 00| 0 eng d
020 _a9781418843441
041 _aeng
080 _a004
100 _a32
101 _aSHK
245 _aEXCEL 2007
_cSHELL,G.B
942 _2udc
_cBK
999 _c22264
_d22264